Diabolo menthe 1; methode de fran+ais /

Guardado en:
Autor Principal: Landgraaf, W.
Formato: Libro
Publicado: Francia : Hachette, 1990
Materias:
Etiquetas: Agregar Etiqueta
Sin Etiquetas, Sea el primero en etiquetar este registro!
LEADER 00460nam a22001695a 4500
001 CEM.cems007143
005 20060214000000.0
008 130507s1990##################000#0#####d
003 CEMS
082 0 4 |a 448.64 
100 1 |a Landgraaf, W. 
245 1 0 |a Diabolo menthe 1; methode de fran+ais / 
260 |a Francia :  |b Hachette,  |c 1990 
300 |a 143 p. 
653 |a Frances 
653 |a Frances-textos 
859 |a CEMS  |b BIB. CEMS - 11 de abril  |h 448.64  |i L234/I  |p 16799.92  |t Ej.1